000 00723nam a2200205 4500
001 108461
003 ES-MaACL
005 20250928120456.0
007 t|
008 061121s1966 sp r ||||1| spa d
100 1 _aMontero Padilla, José.
_982534
245 1 0 _aSegovia de escritores :
_b[estudios y notas de geografía literaria] /
_cJosé Montero Padilla ; prólogo del doctor Teófilo Hernando.
260 _aSegovia :
_bJefatura Provincial del Movimiento,
_c1966.
300 _a143 p. ;
_c20 cm.
651 4 _aSegovia-
_xEn la literatura.
_9171851
700 1 _aHernando, Teófilo,
_d1881-1976
_963094
710 2 _aMovimiento Nacional (España)
_95776
852 _aES-MaACL
_jC-28527
999 _c108461
_d108461